000 00611nam a22002057a 4500
003 OSt
005 20260303001806.0
008 260202b |||||||| |||| 00| 0 eng d
020 _a371.192 C559 2010
040 _aDWCL-Main Lib
_cOC
082 _aProf. 371.192 C559 2010
100 _aChua, Queena N. Lee-
245 _aLearning : what parents, students, and teachers should know
260 _aPasig City :
_bAnvil Publishing,
_cc2010.
300 _aviii , 208 pages ;
_c22 cm.
650 _aEducation - Parent participation.
650 _aParenting.
650 _aTeaching.
942 _2ddc
_cBK-FIL
_mFil.
_n0
999 _c8127
_d8127